000 00487nam a2200193Ia 4500
001 15383
003 GE_BSU
008 181216s||||||||xx |||||||||||||| ||und||
040 _cGE_BSU
080 _a821.353.1-32
100 _aქუჩიშვილი,გიორგი
245 _aპროზა.ტ.4
260 _aთბილისი
260 _bსახელგამი
260 _c1955
300 _a339გვ.2სმ.
653 _aპროზა
942 _cBK
999 _c48488
_d48488